00597nam a22001937a 450000500170000000800410001702000180005804000210007604100080009708200130010524500960011826000580021430000100027265000190028265000170030170000290031870000290034770000270037620240517074037.0240517b |||||||| |||| 00| 0 eng d a9789393864147 aIN-DiNCcIN-DiNC deng a171bVAL aValue crisis:bthe global issue/ced. by Nabaprasad Nath, Anita Deka Bora and Bornali Borah aGuwahati:bAssam College Teachers Association,c2022. a335p. aEthical system aValue crisis aNath, NabaprasadeEditor aBora, Anita DekaeEditor aBorah, BornalieEditor